| 000 | 00691nam a2200229Ia 4500 | ||
|---|---|---|---|
| 003 | OSt | ||
| 005 | 20220912153035.0 | ||
| 006 | a|||||r|||| 00| 0 | ||
| 007 | ta | ||
| 008 | 220909b |||||||| |||| 00| 0 eng d | ||
| 024 | _a24313 | ||
| 037 | _cTextual | ||
| 040 |
_aCSL _beng _cCSL |
||
| 041 | _aeng | ||
| 082 | _aU:(9S)p, N9 | ||
| 111 | _aInternational conference on geoinformatics for natural resource assessment monitoring & management | ||
| 245 | 0 | _aProceeding on geoinformatics for natural resouce assesment,monitering and management | |
| 260 |
_aDehradun _bIIRS _c1999 |
||
| 300 |
_ap. _ccm. |
||
| 942 |
_hU:(9S)p, N9 _cTEXL _2CC |
||
| 999 |
_c96956 _d96956 |
||